1990 1973 1820 1639 1008 1984 1154 1552 1539 1735 1084 1424 1365 1573 1935 1497 1344 1812 1902 1115 1547 1375 2000 1186 1755 1074 1885 1050 1453 1750 1252 1312 1717 1760 1575 1528 1974 1824 1831 1511 1931 1424 1083 1064 1098 1924 1060 1947 1360 1395 1582 1056 1827 1528 1890 1242 1624 1635 1141 1243 1513 1590 1403 1349 1243 1698 1668 1380 1635 1152 1948 1345 1061 1278 1679 1441 1689 1765 1568 1856 1859 1638 1309 1021 1927 1468 1569 1445 1793 1832 1244 1664 1304 1025 1542 1685 1435 1928 1340 BCNSPRNW ULIB Ver.6.0+V

เปลี่ยนเป็นภาษาไทย

Change to English
 แสดงรายละเอียดบรรณานุกรม
  กลับหน้าหลัก

Brief Record : Get Marc (ISO 2709) : E-mail record : QR code < ปิดหน้าต่าง
LEADER : 00000nam 2200000uu 4500
001    13399114680
003     ULIB
008    120429s2555||||th 000 0 tha d
020    ^a9786162830006
050  4 ^aDS586^bก169พ
110 2  ^aกรมศิลปากรม, สำนักจดหมายเหตุแห่งชาติ
245 10 ^aพระบาทสมเด็จพระเจ้าอยู่หัวกับการศึกษา /^cกรมศิลปากรม, สำนักจดหมายเหตุแห่งชาติ
260    ^aกรุงเทพฯ :^bอมรินทร์พริ้นติ้งแอนด์พับลิชชิ่ง,^c2555
300    ^a200 หน้า :^bภาพประกอบ ;^c27 ซม.
600 07 ^aภูมิพลอดุลยเดช,^cพระบาทสมเด็จพระปรมินทรมหา,^d2470- ^xพระราชกรณียกิจ
650  4 ^aการศึกษา^zไทย
945    ^p0^l0^i18980
995    ^aเกษร
999    ^aใช้งานได้ทุกระบบ
รายการนี้ยังไม่มีแท็ก
คุณยังไม่ได้ล็อกอิน คุณสามารถมีกิจกรรมร่วมกับเว็บไซต์ได้ แต่ต้องล็อกอินก่อน ::
  ล็อกอิน

รายการสื่อสารสนเทศ

ลำดับที่ ประเภท เลขเรียก/บาร์โค้ด สถานที่ สถานะ
- ไม่พบข้อมูล -

BibComment


ยังไม่เคยถูกคอมเมนท์

คอมเมนท์ทรัพยากรรายการนี้
  คอมเมนท์: พระบาทสมเด็จพระเ..


 Copyright 2026. Bcnsprnw @Library